[Event "4NCL Division Four"]
[Site "Telford, ENG"]
[Date "2024.01.07"]
[Round "4.36"]
[White "Coates, Christine"]
[Black "Woolf, Ben"]
[Result "0-1"]
[WhiteElo "1277"]
[BlackElo "1602"]
[PlyCount "50"]
[EventDate "2024.01.07"]
[WhiteTeam "Crowthorne B"]
[BlackTeam "War and Piece A"]

1. d4 Nf6 2. Nf3 d5 3. Bf4 Bf5 4. e3 e6 5. Be2 c5 6. O-O Nc6 7. a3 c4 8. Nc3
Nh5 9. Bg5 Nf6 10. Ne5 Be7 11. Nxc6 bxc6 12. Bxf6 gxf6 13. Bf3 Qc7 14. g3 Bd6
15. Ne2 h5 16. h4 Ke7 17. Nf4 Rag8 18. Nxh5 Bh3 19. Bg2 Bg4 20. Bf3 Bxh5 21.
Bxh5 Bxg3 22. Bg4 Bxh4 23. f4 f5 24. Kh1 Rxg4 25. Rg1 Bf2# 0-1

[Event "4NCL Division Four"]
[Site "Telford, ENG"]
[Date "2024.01.07"]
[Round "4.41"]
[White "Ireland, David J"]
[Black "Kothari, Jai"]
[Result "0-1"]
[WhiteElo "1860"]
[BlackElo "2039"]
[PlyCount "78"]
[EventDate "2024.01.07"]
[WhiteTeam "Coventry"]
[BlackTeam "Guildford Young Guns"]

1. Nf3 c5 2. b3 Nc6 3. c4 e5 4. d3 d6 5. Bb2 g6 6. g3 Bg7 7. Bg2 Nge7 8. e3 f5
9. Nc3 O-O 10. O-O h6 11. Nd2 g5 12. Nd5 Ng6 13. f4 exf4 14. Bxg7 Kxg7 15. exf4
g4 16. Nb1 h5 17. Nbc3 Nd4 18. Ne2 Nxe2+ 19. Qxe2 h4 20. Qb2+ Kh6 21. Rae1 h3
22. Bh1 Bd7 23. Re3 a5 24. Rfe1 a4 25. Re7 Nxe7 26. Rxe7 Qxe7 27. Nxe7 Rae8 28.
Nd5 Re1+ 29. Kf2 Rxh1 30. Qc3 Rxh2+ 31. Kg1 Rg2+ 32. Kh1 axb3 33. axb3 Bc6 34.
b4 Bxd5 35. cxd5 cxb4 36. Qxb4 Re8 37. Qxd6+ Kh5 38. Qe5 Rxe5 39. fxe5 Kg6 0-1

[Event "4NCL Division Four"]
[Site "Telford, ENG"]
[Date "2024.01.07"]
[Round "4.42"]
[White "Sefton, Adam"]
[Black "Pink, Joshua"]
[Result "1-0"]
[WhiteElo "1808"]
[BlackElo "1848"]
[PlyCount "103"]
[EventDate "2024.01.07"]
[WhiteTeam "Guildford Young Guns"]
[BlackTeam "Coventry"]

1. e4 d6 2. d4 f5 3. Nc3 Nf6 4. exf5 Bxf5 5. Bg5 Nbd7 6. Bc4 c6 7. Nge2 e5 8.
Ng3 Bg6 9. O-O d5 10. dxe5 Nxe5 11. Re1 Qc7 12. f4 Bc5+ 13. Kh1 O-O-O 14. fxe5
dxc4 15. Qf3 Nd5 16. Bxd8 Qxd8 17. Rad1 Bxc2 18. Rd2 Bd3 19. Rc1 Be3 20. Rxd3
cxd3 21. Rd1 Bd4 22. Qg4+ Kb8 23. Qxd4 Nxc3 24. Qxc3 Re8 25. Qxd3 Qxd3 26. Rxd3
Rxe5 27. h3 Kc7 28. Kg1 c5 29. Kf2 b5 30. Re3 Rd5 31. Ke2 Rg5 32. Kf3 Kc6 33.
Re7 a5 34. h4 Rg6 35. Ne4 c4 36. h5 Rh6 37. g4 b4 38. Rxg7 a4 39. Rg8 Kc7 40.
Ra8 a3 41. bxa3 c3 42. Nc5 c2 43. Nb3 Rc6 44. Ke2 Kb7 45. Rf8 bxa3 46. Rf1 Kb6
47. Kd2 Rc4 48. Rg1 h6 49. Kc1 Kb5 50. Na1 Rc5 51. Nxc2 Ka4 52. Rg3 1-0

[Event "4NCL Division Four"]
[Site "Telford, ENG"]
[Date "2024.01.07"]
[Round "4.43"]
[White "Goodwin, Ed H"]
[Black "Welling, Zac"]
[Result "1/2-1/2"]
[WhiteElo "1808"]
[BlackElo "1841"]
[PlyCount "90"]
[EventDate "2024.01.07"]
[WhiteTeam "Coventry"]
[BlackTeam "Guildford Young Guns"]

1. d4 Nf6 2. Nf3 g6 3. c4 Bg7 4. Nc3 O-O 5. Bg5 d6 6. e3 c5 7. Be2 h6 8. Bxf6
Bxf6 9. O-O Nd7 10. Qc2 Bg7 11. Rad1 cxd4 12. exd4 Nf6 13. Rfe1 Bd7 14. Nd2 Rc8
15. Bf3 Bc6 16. Bxc6 Rxc6 17. Qd3 Re8 18. Nde4 Qd7 19. b3 Ra6 20. Qd2 Nxe4 21.
Rxe4 e6 22. Re3 Rc8 23. Rf3 d5 24. c5 b6 25. Qe2 Ra3 26. Nb5 Ra5 27. Nd6 bxc5
28. Nxc8 Qxc8 29. Qd2 Rb5 30. Rc1 Qf8 31. a4 Rb8 32. Rxc5 Qd6 33. Rfc3 Kh7 34.
g3 h5 35. Rc6 Qb4 36. Rd3 Qa3 37. Rc7 Rxb3 38. Rxb3 Qxb3 39. Qf4 Qb1+ 40. Kg2
a5 41. Qxf7 Qe4+ 42. Kg1 Qb1+ 43. Kg2 Qe4+ 44. Kg1 Qb1+ 45. Kg2 Qe4+ 1/2-1/2

[Event "4NCL Division Four"]
[Site "Telford, ENG"]
[Date "2024.01.07"]
[Round "4.44"]
[White "Twisk, Sebastian"]
[Black "Graff, Ben"]
[Result "1/2-1/2"]
[WhiteElo "1853"]
[BlackElo "1775"]
[PlyCount "86"]
[EventDate "2024.01.07"]
[WhiteTeam "Guildford Young Guns"]
[BlackTeam "Coventry"]

1. e4 e6 2. d4 d5 3. Nd2 dxe4 4. Nxe4 Bd7 5. Nf3 Bc6 6. Bd3 Nd7 7. O-O Ngf6 8.
Ng3 Bxf3 9. Qxf3 c6 10. b3 Be7 11. Bb2 Qa5 12. c4 Ba3 13. Bxa3 Qxa3 14. Rfe1
Qd6 15. Nf5 Qf8 16. d5 O-O-O 17. dxc6 exf5 18. cxd7+ Nxd7 19. Bxf5 Kb8 20. Qf4+
Ka8 21. Qc7 Qc5 22. Qxc5 Nxc5 23. Rad1 g6 24. Bc2 Ne6 25. Kf1 Kb8 26. Rxd8+
Rxd8 27. Rd1 Nd4 28. Be4 Rd7 29. Bd5 Ne6 30. Ke2 Nf4+ 31. Kf3 Nxd5 32. Rxd5 Re7
33. Rd2 Kc7 34. b4 f5 35. Rd4 Re8 36. h3 Re1 37. g4 fxg4+ 38. hxg4 Ra1 39. Rf4
Rxa2 40. Rf7+ Kc6 41. Rxh7 Rc2 42. b5+ Kb6 43. Rg7 Rxc4 1/2-1/2

[Event "4NCL Division Four"]
[Site "Telford, ENG"]
[Date "2024.01.07"]
[Round "4.45"]
[White "Manickam, Saravanna Bava"]
[Black "Butcher, Nathaniel"]
[Result "1-0"]
[WhiteElo "1757"]
[BlackElo "1517"]
[PlyCount "61"]
[EventDate "2024.01.07"]
[WhiteTeam "Coventry"]
[BlackTeam "Guildford Young Guns"]

1. d4 d5 2. c4 e6 3. g3 Nf6 4. Bg2 b6 5. Nf3 Bb7 6. Qc2 Be7 7. O-O O-O 8. Nbd2
c5 9. dxc5 Bxc5 10. e3 Nbd7 11. b3 Rc8 12. Qd1 Bb4 13. Bb2 Qc7 14. Rc1 Qb8 15.
a3 Bd6 16. Nd4 Ne5 17. Qe2 Nfd7 18. cxd5 Bxd5 19. Bxd5 exd5 20. Nf5 Nc5 21.
Nxg7 Kxg7 22. f4 Rh8 23. Qg4+ Kf8 24. fxe5 Bxe5 25. Qf5 Qc7 26. Bxe5 Qe7 27.
Qxc8+ Qe8 28. Qxe8+ Kxe8 29. Bxh8 Nd3 30. Rc3 Nb2 31. Rb1 1-0

[Event "4NCL Division Four"]
[Site "Telford, ENG"]
[Date "2024.01.07"]
[Round "4.46"]
[White "Jennis, Alistair"]
[Black "Edwards, Rhys"]
[Result "1/2-1/2"]
[WhiteElo "1397"]
[BlackElo "1653"]
[PlyCount "117"]
[EventDate "2024.01.07"]
[WhiteTeam "Guildford Young Guns"]
[BlackTeam "Coventry"]

1. c4 Nf6 2. Nc3 c6 3. b3 d5 4. e3 Bf5 5. Nf3 e6 6. Be2 Bd6 7. Nh4 Bg6 8. Nxg6
hxg6 9. h3 Nbd7 10. d4 Qa5 11. Bd2 Qc7 12. c5 Be7 13. b4 Ne4 14. Nxe4 dxe4 15.
Rc1 a6 16. Qb3 Nf6 17. Qb1 Qd7 18. a4 O-O 19. O-O e5 20. Bc3 exd4 21. Bxd4 Nd5
22. Rfd1 Qf5 23. Bg4 Qg5 24. Qxe4 f5 25. Qe6+ Kh7 26. Be2 Nxb4 27. a5 Nd5 28.
Bc4 Rfd8 29. Bxd5 Rxd5 30. Rb1 Rb8 31. Be5 Rxd1+ 32. Rxd1 Rd8 33. Rxd8 Bxd8 34.
Qd7 Qe7 35. Qxe7 Bxe7 36. Bd4 Kg8 37. g4 Kf7 38. f3 Ke6 39. e4 Bd8 40. Bc3 Be7
41. Bd4 Bg5 42. Bxg7 Be3+ 43. Kg2 Bxc5 44. gxf5+ gxf5 45. Bc3 b5 46. axb6 Bxb6
47. Kf1 Bd8 48. Ke2 fxe4 49. fxe4 a5 50. Kd3 a4 51. Kc4 Be7 52. h4 Bxh4 53. Kb4
Bf6 54. Bxf6 Kxf6 55. Kxa4 Ke5 56. Kb4 Kd4 57. e5 c5+ 58. Kb5 Kxe5 59. Kxc5
1/2-1/2

[Event "4NCL Division Four"]
[Site "Telford, ENG"]
[Date "2024.01.07"]
[Round "4.51"]
[White "Cooper, John G"]
[Black "Davis, Lee"]
[Result "1-0"]
[WhiteElo "2283"]
[BlackElo "2076"]
[PlyCount "129"]
[EventDate "2024.01.07"]
[WhiteTeam "North West Eagles"]
[BlackTeam "The Full Ponty"]

1. c4 e5 2. Nc3 Nf6 3. g3 Nc6 4. Bg2 Bb4 5. Nf3 O-O 6. O-O Re8 7. d3 h6 8. Nd5
Bf8 9. Bd2 a5 10. Bc3 d6 11. h3 Nxd5 12. cxd5 Ne7 13. Nd2 g6 14. a4 Bg7 15. Nc4
b6 16. e4 Bd7 17. d4 exd4 18. Bxd4 b5 19. Bxg7 Kxg7 20. Qd4+ Kh7 21. axb5 Bxb5
22. Rfc1 Ng8 23. Ra3 a4 24. Rac3 Re7 25. Na3 Be8 26. Kh2 Qb8 27. R1c2 Qa7 28.
Qxa7 Rxa7 29. f3 Nf6 30. Bf1 Kg7 31. Nb5 Bxb5 32. Bxb5 Kf8 33. Kg2 Ne8 34. Ra3
f5 35. exf5 gxf5 36. Rxa4 Rxa4 37. Bxa4 Nf6 38. Rd2 Re5 39. Bb3 Nd7 40. f4 Re7
41. Bc2 Rf7 42. b4 Nb6 43. Kf2 Kg7 44. Bd1 Re7 45. Bf3 Kf6 46. Ra2 Kg7 47. Ra3
Kf6 48. Ra1 Kg7 49. g4 Kf6 50. Rg1 Na4 51. g5+ Kg6 52. h4 h5 53. Re1 Rxe1 54.
Kxe1 Nb6 55. Kd2 Kg7 56. Ke3 Kg6 57. Kd4 Na4 58. Kc4 Nb2+ 59. Kb5 Nd3 60. Kc6
Nxb4+ 61. Kxc7 Nd3 62. Kxd6 Nxf4 63. Kc7 Kg7 64. d6 Ne6+ 65. Kc8 1-0

[Event "4NCL Division Four"]
[Site "Telford, ENG"]
[Date "2024.01.07"]
[Round "4.52"]
[White "Fletcher, John"]
[Black "Redmond, John P"]
[Result "0-1"]
[WhiteElo "2023"]
[BlackElo "2280"]
[PlyCount "92"]
[EventDate "2024.01.07"]
[WhiteTeam "The Full Ponty"]
[BlackTeam "North West Eagles"]

1. e4 e6 2. d4 d5 3. Nc3 Bb4 4. e5 Ne7 5. a3 Bxc3+ 6. bxc3 c5 7. h4 Qc7 8. Rh3
b6 9. h5 h6 10. Qg4 Nf5 11. Bd2 Ba6 12. Bxa6 Nxa6 13. Qe2 Nb8 14. g4 Ne7 15. a4
Nbc6 16. Qb5 a6 17. Qd3 Na5 18. Ne2 Nc4 19. f4 g6 20. hxg6 fxg6 21. Ng3 Nb2 22.
Qf3 cxd4 23. Ra2 Nc4 24. cxd4 Nxd2 25. Kxd2 Qc4 26. Ra3 Qxd4+ 27. Kc1 Rc8 28.
Ne2 Qb4 29. Qd3 Rc4 30. Ra2 Kd7 31. c3 Rhc8 32. Kd2 Qb3 33. Qc2 Qxc2+ 34. Kxc2
d4 35. Rd3 Nd5 36. Kb3 dxc3 37. Rc2 Ke7 38. f5 Rb4+ 39. Ka3 Rcc4 40. f6+ Kf7
41. Nxc3 Rxa4+ 42. Kb2 Rab4+ 43. Kc1 Rb3 44. Kd2 Rbxc3 45. Rcxc3 Rxc3 46. Rxd5
exd5 0-1

[Event "4NCL Division Four"]
[Site "Telford, ENG"]
[Date "2024.01.07"]
[Round "4.53"]
[White "Williamson, Roger G"]
[Black "Perrett, David C"]
[Result "1/2-1/2"]
[WhiteElo "2227"]
[BlackElo "2003"]
[PlyCount "94"]
[EventDate "2024.01.07"]
[WhiteTeam "North West Eagles"]
[BlackTeam "The Full Ponty"]

1. e4 Nf6 2. e5 Nd5 3. d4 d6 4. Nf3 g6 5. Be2 Bg7 6. O-O O-O 7. Re1 h6 8. c4
Nb6 9. Nc3 Nc6 10. exd6 exd6 11. h3 Ne7 12. Bf4 Be6 13. b3 Qd7 14. Rc1 g5 15.
Bh2 Bf5 16. d5 Rae8 17. Nd4 Bg6 18. Qd2 a6 19. a4 Nf5 20. Nf3 Qd8 21. a5 Nd7
22. g4 Ne7 23. b4 f5 24. Nd4 Bxd4 25. Qxd4 Nf6 26. Bf1 Kg7 27. f4 Neg8 28. fxg5
hxg5 29. h4 Kh7 30. gxf5 Bxf5 31. Bd3 Nh5 32. Rxe8 Qxe8 33. Rf1 Qg6 34. Rxf5
Rxf5 35. Qg4 Ne7 36. Bxf5 Nxf5 37. Qxg5 Nxh4 38. Qxg6+ Kxg6 39. Kf2 Nf6 40. Ke2
Nf5 41. Kd3 Ng4 42. Bf4 Kf6 43. Ne4+ Ke7 44. Bg5+ Kd7 45. Nf6+ Nxf6 46. Bxf6
Ne7 47. Ke4 Nc8 1/2-1/2

[Event "4NCL Division Four"]
[Site "Telford, ENG"]
[Date "2024.01.07"]
[Round "4.54"]
[White "Adams, Mark"]
[Black "Kee, Steve"]
[Result "1-0"]
[WhiteElo "1995"]
[BlackElo "2170"]
[PlyCount "53"]
[EventDate "2024.01.07"]
[WhiteTeam "The Full Ponty"]
[BlackTeam "North West Eagles"]

1. e4 c5 2. Nf3 g6 3. d4 cxd4 4. Nxd4 d6 5. Be3 Nf6 6. f3 a6 7. c4 Bg7 8. Nc3
Nc6 9. Be2 Bd7 10. Qd2 Nxd4 11. Bxd4 O-O 12. O-O Bc6 13. Rab1 a5 14. Rfc1 a4
15. Rc2 Qa5 16. Nd5 Nxd5 17. Bxg7 Kxg7 18. cxd5 Qb6+ 19. Kh1 Bb5 20. Rbc1 Bxe2
21. Qxe2 Ra5 22. h4 Re8 23. Qc4 e6 24. dxe6 Rxe6 25. Qc3+ Kh6 26. g4 f6 27. Qc8
1-0

[Event "4NCL Division Four"]
[Site "Telford, ENG"]
[Date "2024.01.07"]
[Round "4.55"]
[White "Doran, Chris"]
[Black "Hughes, Anthony"]
[Result "1-0"]
[WhiteElo "1996"]
[BlackElo "1908"]
[PlyCount "49"]
[EventDate "2024.01.07"]
[WhiteTeam "North West Eagles"]
[BlackTeam "The Full Ponty"]

1. e4 c6 2. d4 d5 3. e5 c5 4. c4 cxd4 5. Nf3 e6 6. Nxd4 Nc6 7. Nxc6 bxc6 8. Nc3
Bb4 9. Bd2 Qc7 10. f4 Ne7 11. Bd3 Ba6 12. Qe2 Rb8 13. Rb1 Ng6 14. O-O Qe7 15.
Kh1 O-O 16. a3 Bxc3 17. Bxc3 c5 18. cxd5 Bxd3 19. Qxd3 exd5 20. Qxd5 Rfd8 21.
Qe4 Qb7 22. Rbe1 Nh4 23. f5 g5 24. Qxb7 Rxb7 25. g3 1-0

[Event "4NCL Division Four"]
[Site "Telford, ENG"]
[Date "2024.01.07"]
[Round "4.56"]
[White "Dixon, Chris"]
[Black "Banerjee, Sanjoy K"]
[Result "1-0"]
[WhiteElo "1800"]
[BlackElo "1727"]
[PlyCount "77"]
[EventDate "2024.01.07"]
[WhiteTeam "The Full Ponty"]
[BlackTeam "North West Eagles"]

1. Nf3 d5 2. g3 Nf6 3. Bg2 c6 4. O-O Bf5 5. d3 h6 6. Nbd2 e6 7. b3 Nbd7 8. Bb2
Bh7 9. Qe1 Be7 10. e4 O-O 11. e5 Ne8 12. Qe2 Nc7 13. Rfe1 Rb8 14. Nf1 c5 15. h4
b5 16. N1h2 Nb6 17. Ng4 d4 18. Nd2 Ncd5 19. Be4 Bg6 20. Bxg6 fxg6 21. Ne4 Bxh4
22. Nxc5 Bxg3 23. fxg3 h5 24. Nxe6 Qe7 25. Nxd4 hxg4 26. Qxg4 Qc5 27. Kg2 Rf7
28. Re2 Rbf8 29. Rae1 Nd7 30. e6 Rf2+ 31. Rxf2 Rxf2+ 32. Kxf2 N7f6 33. Qxg6 Ne7
34. Qf7+ Kh8 35. Rh1+ Nh7 36. Qe8+ Ng8 37. Qh5 Qxh5 38. Rxh5 Ngf6 39. Rxb5 1-0

[Event "4NCL Division Four"]
[Site "Telford, ENG"]
[Date "2024.01.07"]
[Round "4.61"]
[White "Bentley, Alex"]
[Black "Vachtfeidl, Petr"]
[Result "1-0"]
[WhiteElo "1753"]
[BlackElo "1933"]
[PlyCount "63"]
[EventDate "2024.01.07"]
[WhiteTeam "Ashfield 3"]
[BlackTeam "CSC/Kingston 3"]

1. e4 e5 2. Nc3 Nf6 3. f4 d5 4. fxe5 Nxe4 5. Nf3 Be7 6. Bd3 Nxc3 7. dxc3 O-O 8.
O-O Bg4 9. Qe1 Nc6 10. Qg3 Bh5 11. Bf4 Qd7 12. h3 Nd8 13. Nd4 Bg6 14. Bxg6 hxg6
15. e6 Nxe6 16. Nxe6 Qxe6 17. Bxc7 Bc5+ 18. Kh1 Qe2 19. Rac1 Rae8 20. b4 Re3
21. Qg5 Be7 22. Qxd5 Bf6 23. Qxb7 Rxc3 24. Bh2 Rxc2 25. Rce1 Qc4 26. a4 Rd8 27.
Qe4 Qa2 28. Be5 Bxe5 29. Qxe5 Rxg2 30. Re4 Qb2 31. Qc7 Qd2 32. Qxf7+ 1-0

[Event "4NCL Division Four"]
[Site "Telford, ENG"]
[Date "2024.01.07"]
[Round "4.62"]
[White "Eckert, Jonathan"]
[Black "Combie, Alex B"]
[Result "0-1"]
[WhiteElo "1785"]
[BlackElo "1746"]
[PlyCount "86"]
[EventDate "2024.01.07"]
[WhiteTeam "CSC/Kingston 3"]
[BlackTeam "Ashfield 3"]

1. e4 c5 2. Nc3 e6 3. f4 d5 4. Nf3 Nf6 5. e5 Nfd7 6. g3 Nc6 7. Bg2 f6 8. Qe2
fxe5 9. fxe5 Qc7 10. Nb5 Qb8 11. d3 a6 12. Nd6+ Bxd6 13. exd6 Qxd6 14. O-O O-O
15. c3 Nde5 16. Bf4 Nxf3+ 17. Bxf3 e5 18. Bd2 Bh3 19. Bg2 Bxg2 20. Kxg2 Rae8
21. Rae1 e4 22. Bf4 Qd7 23. Qd2 exd3 24. Qxd3 c4 25. Qd2 d4 26. cxd4 Qd5+ 27.
Kg1 Qxd4+ 28. Be3 Qxd2 29. Bxd2 Rxe1 30. Bxe1 Rxf1+ 31. Kxf1 Kf7 32. Bc3 g6 33.
Ke2 Ke6 34. Ke3 Kd5 35. Kf4 b5 36. a3 a5 37. Kg5 b4 38. axb4 axb4 39. Be1 Kd4
40. Kf4 Kd3 41. h4 Kc2 42. Ke4 Kxb2 43. Kd5 c3 0-1

[Event "4NCL Division Four"]
[Site "Telford, ENG"]
[Date "2024.01.07"]
[Round "4.63"]
[White "Taylor, Robert P"]
[Black "Moss, Stephen"]
[Result "1-0"]
[WhiteElo "1738"]
[BlackElo "1769"]
[PlyCount "71"]
[EventDate "2024.01.07"]
[WhiteTeam "Ashfield 3"]
[BlackTeam "CSC/Kingston 3"]

1. d4 d5 2. Nf3 e6 3. Bg5 Nf6 4. Nbd2 c5 5. e3 Be7 6. c3 b6 7. Bd3 Bb7 8. Ne5
Nbd7 9. f4 O-O 10. Qf3 Nxe5 11. fxe5 Nd7 12. Bxe7 Qxe7 13. O-O f5 14. Qh3 Rf7
15. Rf3 g5 16. g4 fxg4 17. Qxg4 Rxf3 18. Nxf3 Kh8 19. Rf1 Rg8 20. Qh5 Nf8 21.
h3 Bc6 22. Nh2 Be8 23. Qf3 Bg6 24. Bxg6 Nxg6 25. Ng4 Rf8 26. Nf6 Kg7 27. Qh5 h6
28. Qg4 Nh4 29. Nh5+ Kg8 30. Rxf8+ Kxf8 31. Nf6 Nf5 32. e4 dxe4 33. Qxe4 Kf7
34. Qa8 Kg6 35. Qg8+ Ng7 36. Qh7+ 1-0

[Event "4NCL Division Four"]
[Site "Telford, ENG"]
[Date "2024.01.07"]
[Round "4.64"]
[White "Grey, Nicholas D"]
[Black "Hill, Maurice J"]
[Result "0-1"]
[WhiteElo "1703"]
[BlackElo "1759"]
[PlyCount "66"]
[EventDate "2024.01.07"]
[WhiteTeam "CSC/Kingston 3"]
[BlackTeam "Ashfield 3"]

1. e4 g6 2. d4 d6 3. Nc3 c6 4. Be3 Bg7 5. Qd2 h6 6. O-O-O b5 7. Bd3 Nd7 8. Nf3
Nb6 9. e5 Bg4 10. exd6 exd6 11. Rde1 Ne7 12. h3 Be6 13. b3 a5 14. a4 bxa4 15.
Nxa4 Nbd5 16. c4 Nxe3 17. fxe3 O-O 18. Kc2 Qc7 19. Rb1 Rfb8 20. Rhc1 Rb4 21.
Kd1 Rab8 22. Ne1 c5 23. Nc2 Rxb3 24. Rxb3 Rxb3 25. Nc3 Bd7 26. Ke2 Nf5 27. g4
cxd4 28. Nd5 dxe3 29. Ncxe3 Nd4+ 30. Kf1 Qd8 31. Be4 Qh4 32. Qg2 Ne6 33. Qc2
Rb2 0-1

[Event "4NCL Division Four"]
[Site "Telford, ENG"]
[Date "2024.01.07"]
[Round "4.65"]
[White "Graham, Danny"]
[Black "Denning, Julie L"]
[Result "1-0"]
[WhiteElo "1734"]
[BlackElo "1608"]
[PlyCount "59"]
[EventDate "2024.01.07"]
[WhiteTeam "Ashfield 3"]
[BlackTeam "CSC/Kingston 3"]

1. d4 e5 2. dxe5 d6 3. exd6 Bxd6 4. h3 h5 5. Nf3 Nc6 6. Bg5 f6 7. Bd2 Bf5 8.
Nc3 Qd7 9. e4 Bh7 10. Bd3 O-O-O 11. Qe2 Nge7 12. O-O-O Ng6 13. g3 Nge5 14. Nxe5
Nxe5 15. Bb5 c6 16. Ba4 g5 17. Be3 Kb8 18. Bc5 Nf7 19. Bb3 b6 20. Bxf7 bxc5 21.
Bxh5 Qe7 22. Bg4 Rde8 23. Rhe1 Qc7 24. Qf3 Be5 25. Rd7 Qa5 26. Re3 Bd4 27. Rd3
Bxe4 28. Nxe4 Qe1+ 29. Rd1 Qxe4 30. Qb3+ 1-0

[Event "4NCL Division Four"]
[Site "Telford, ENG"]
[Date "2024.01.07"]
[Round "4.66"]
[White "Cresswell, Mike J"]
[Black "Willoughby, Robert H"]
[Result "1/2-1/2"]
[WhiteElo "1630"]
[BlackElo "1614"]
[PlyCount "77"]
[EventDate "2024.01.07"]
[WhiteTeam "CSC/Kingston 3"]
[BlackTeam "Ashfield 3"]

1. e4 c5 2. Nf3 d6 3. d4 cxd4 4. Nxd4 Nf6 5. Nc3 g6 6. f3 Bg7 7. Be3 O-O 8. Qd2
Nc6 9. O-O-O d5 10. Nxc6 bxc6 11. e5 Ne8 12. f4 Qa5 13. Kb1 Nc7 14. Ne2 Qa6 15.
Nc1 Qb7 16. Be2 Rb8 17. c3 a5 18. g4 a4 19. h4 e6 20. g5 Rd8 21. Bc5 Bf8 22.
Bxf8 Kxf8 23. h5 Ke7 24. hxg6 hxg6 25. Qc2 c5 26. Rh7 c4 27. Rd2 Rg8 28. Qxa4
Nb5 29. Qb4+ Ke8 30. a4 Nc7 31. Qxb7 Rxb7 32. Bd1 Bd7 33. Ne2 Ke7 34. Nd4 Ra7
35. Rdh2 Bxa4 36. Bxa4 Rxa4 37. Rh8 Raa8 38. Rxg8 Rxg8 39. Kc2 1/2-1/2

[Event "4NCL Division Four"]
[Site "Telford, ENG"]
[Date "2024.01.07"]
[Round "4.71"]
[White "Lane, Tim A"]
[Black "Neatherway, A Philip"]
[Result "0-1"]
[WhiteElo "1851"]
[BlackElo "1719"]
[PlyCount "76"]
[EventDate "2024.01.07"]
[WhiteTeam "Ashfield 2"]
[BlackTeam "Oxford 3"]

1. b3 e5 2. Bb2 Nc6 3. e3 d6 4. Nf3 Nf6 5. d4 exd4 6. Nxd4 Bd7 7. Nc3 Be7 8.
Be2 O-O 9. Qd2 Re8 10. h3 d5 11. Nxc6 bxc6 12. Bf3 Be6 13. g4 a5 14. g5 Nd7 15.
h4 Ne5 16. Be2 Bg4 17. Bxg4 Nxg4 18. Qd4 f5 19. gxf6 Nxf6 20. O-O-O Bf8 21.
Rhg1 Qe7 22. Rg2 Rab8 23. Qf4 Rb4 24. Qg5 Qe5 25. Nxd5 Qxg5 26. Nxf6+ gxf6 27.
hxg5 fxg5 28. Rxg5+ Kf7 29. Rf5+ Ke6 30. Re5+ Kf7 31. Rd7+ Re7 32. Rdxe7+ Bxe7
33. Rxa5 Rh4 34. Rf5+ Kg6 35. Rf3 h5 36. Kd2 Rg4 37. Ke2 h4 38. a4 Rg5 0-1

[Event "4NCL Division Four"]
[Site "Telford, ENG"]
[Date "2024.01.07"]
[Round "4.72"]
[White "Tringali, Alessandro"]
[Black "Gunarathne, Senith Thenula"]
[Result "0-1"]
[WhiteElo "1616"]
[BlackElo "1790"]
[PlyCount "92"]
[EventDate "2024.01.07"]
[WhiteTeam "Oxford 3"]
[BlackTeam "Ashfield 2"]

1. e4 c5 2. Nf3 d6 3. Bb5+ Bd7 4. Bxd7+ Qxd7 5. O-O Nf6 6. Re1 Nc6 7. c3 e6 8.
d4 cxd4 9. cxd4 Be7 10. Nc3 O-O 11. a3 a5 12. d5 Ne5 13. Nxe5 dxe5 14. dxe6
Qxe6 15. f3 Bc5+ 16. Be3 Bxe3+ 17. Rxe3 Qb6 18. Qe2 Rfd8 19. Kh1 Rd4 20. Qb5
Qxb5 21. Nxb5 Rd2 22. Rb1 Rad8 23. Nc3 Nh5 24. Ree1 Nf4 25. g3 Nd3 26. Re2 Nc5
27. Rxd2 Rxd2 28. Rd1 Rd4 29. Kg1 Nd3 30. Rd2 Nc1 31. Nb1 Nb3 32. Rxd4 exd4 33.
Kf1 Kf8 34. Ke2 Ke7 35. Kd3 a4 36. Nd2 Nxd2 37. Kxd2 Kd6 38. Kd3 Kc5 39. f4 b6
40. h3 h6 41. h4 h5 42. e5 Kd5 43. Kd2 Ke4 44. Ke2 g6 45. Kd2 d3 46. Ke1 Ke3
0-1

[Event "4NCL Division Four"]
[Site "Telford, ENG"]
[Date "2024.01.07"]
[Round "4.73"]
[White "Radford, Mark Sr"]
[Black "Kocan, Barry A"]
[Result "1-0"]
[WhiteElo "1749"]
[BlackElo "1548"]
[PlyCount "65"]
[EventDate "2024.01.07"]
[WhiteTeam "Ashfield 2"]
[BlackTeam "Oxford 3"]

1. d4 Nf6 2. c4 g6 3. Nc3 Bg7 4. e4 d6 5. Nf3 O-O 6. Be2 Nbd7 7. O-O e5 8. d5
Nc5 9. Qc2 h6 10. Ne1 Nh7 11. f3 f5 12. Be3 Na6 13. Nd3 f4 14. Bf2 Qg5 15. Rfc1
c5 16. dxc6 bxc6 17. c5 Qe7 18. cxd6 Qxd6 19. Rd1 Qe7 20. Na4 Rf6 21. Ndc5 Nc7
22. Rd2 Nf8 23. Rad1 Nb5 24. Nb3 Kh7 25. Nac5 Ne6 26. Nxe6 Qxe6 27. Bc4 Qe7 28.
Bc5 Qb7 29. Rd8 Be6 30. Na5 Qf7 31. Bxe6 Qxe6 32. Rxa8 Qxa2 33. Qc4 1-0

[Event "4NCL Division Four"]
[Site "Telford, ENG"]
[Date "2024.01.07"]
[Round "4.74"]
[White "Rumsby, Stephen"]
[Black "Bromilow, Edward T"]
[Result "0-1"]
[WhiteElo "1564"]
[BlackElo "1780"]
[PlyCount "70"]
[EventDate "2024.01.07"]
[WhiteTeam "Oxford 3"]
[BlackTeam "Ashfield 2"]

1. e4 c6 2. d4 d5 3. Nc3 dxe4 4. Nxe4 Nf6 5. Nxf6+ exf6 6. Nf3 Bd6 7. Bd3 O-O
8. c3 Re8+ 9. Be3 Nd7 10. Qc2 Nf8 11. O-O-O Be6 12. Kb1 b5 13. Rdg1 Qa5 14. b3
Rec8 15. g4 c5 16. dxc5 b4 17. c4 Bxc5 18. Nd4 Qb6 19. Nxe6 fxe6 20. Bxc5 Rxc5
21. f4 a5 22. f5 e5 23. g5 a4 24. gxf6 Qxf6 25. Be4 Ra7 26. Qd2 axb3 27. axb3
Rca5 28. Qxb4 Nd7 29. Rd1 Qh4 30. Bd5+ Kh8 31. Bc6 Ra1+ 32. Kb2 Qf2+ 33. Kc3
Rxd1 34. Rxd1 Qe3+ 35. Rd3 Qc1# 0-1

[Event "4NCL Division Four"]
[Site "Telford, ENG"]
[Date "2024.01.07"]
[Round "4.75"]
[White "Hatton, David"]
[Black "Matilal, Tamal"]
[Result "1-0"]
[WhiteElo "1763"]
[BlackElo "1311"]
[PlyCount "73"]
[EventDate "2024.01.07"]
[WhiteTeam "Ashfield 2"]
[BlackTeam "Oxford 3"]

1. d4 c5 2. d5 Nf6 3. Nc3 e6 4. e4 exd5 5. exd5 d6 6. Nf3 a6 7. a4 Bg4 8. Be2
Be7 9. O-O O-O 10. h3 Bd7 11. Re1 Re8 12. Bg5 Qc7 13. Qd3 h6 14. Bh4 Qc8 15.
Bxf6 Bxf6 16. Bf1 Rf8 17. Nd2 Bf5 18. Nde4 Kh8 19. Nxd6 Bxd3 20. Nxc8 Bxc2 21.
Nb6 Ra7 22. Rac1 Bf5 23. b3 Bg5 24. Rcd1 Bc2 25. d6 Bxd1 26. Rxd1 Rd8 27. d7
Nc6 28. Ncd5 Ne7 29. Nxe7 Bxe7 30. Nc8 Ra8 31. Nxe7 b5 32. Nc6 bxa4 33. bxa4 a5
34. Nxd8 Rxd8 35. Bb5 Kg8 36. Re1 Kh7 37. Re8 1-0

[Event "4NCL Division Four"]
[Site "Telford, ENG"]
[Date "2024.01.07"]
[Round "4.81"]
[White "Lewis, Stephen"]
[Black "Adaway, William"]
[Result "1/2-1/2"]
[WhiteElo "1895"]
[BlackElo "1987"]
[PlyCount "84"]
[EventDate "2024.01.07"]
[WhiteTeam "Iceni 2"]
[BlackTeam "Wessex B"]

1. e4 c5 2. Nf3 e6 3. d4 cxd4 4. Nxd4 a6 5. Bd3 Bc5 6. Nb3 Ba7 7. O-O Nc6 8.
Kh1 Nf6 9. f4 h5 10. Qe1 Ng4 11. Nc3 Nb4 12. Nd1 Nxd3 13. cxd3 d5 14. e5 Bd7
15. d4 g6 16. Nc3 Rc8 17. Be3 b5 18. Bg1 b4 19. Nd1 Qe7 20. Nc5 Bb5 21. Rf3 a5
22. a3 Rxc5 23. dxc5 Bxc5 24. Bxc5 Qxc5 25. axb4 Qb6 26. Rxa5 O-O 27. h3 Nh6
28. Rfa3 d4 29. Nf2 Bc6 30. Nd3 Nf5 31. Ra6 Qb7 32. Qf2 Ne3 33. Nc5 Bxg2+ 34.
Kg1 Qxb4 35. Nd7 Rc8 36. Nf6+ Kg7 37. Ra1 Bxh3 38. R6a4 Rc1+ 39. Rxc1 Qxa4 40.
Rc8 Qd1+ 41. Kh2 Ng4+ 42. Nxg4 Bxg4 1/2-1/2

[Event "4NCL Division Four"]
[Site "Telford, ENG"]
[Date "2024.01.07"]
[Round "4.82"]
[White "Marsh, Roger D W"]
[Black "Donnelly, Andrew J"]
[Result "1-0"]
[WhiteElo "1927"]
[BlackElo "1820"]
[PlyCount "89"]
[EventDate "2024.01.07"]
[WhiteTeam "Wessex B"]
[BlackTeam "Iceni 2"]

1. d4 Nf6 2. c4 g6 3. Nc3 Bg7 4. e4 d6 5. Be2 O-O 6. Bg5 Nc6 7. Nf3 e5 8. dxe5
dxe5 9. Qxd8 Rxd8 10. Bxf6 Bxf6 11. Nd5 Bg7 12. Nxc7 Rb8 13. Rd1 Nd4 14. Nxd4
exd4 15. b3 Bd7 16. O-O Bc6 17. Bd3 Rd7 18. Nd5 Rf8 19. Nb4 Re8 20. Nxc6 bxc6
21. c5 a5 22. f4 Rb8 23. Rb1 Bf8 24. g3 Rdb7 25. Kg2 a4 26. bxa4 Rxb1 27. Rxb1
Rxb1 28. Bxb1 Bxc5 29. Kf3 Bb6 30. e5 Kf8 31. Ke4 Ke7 32. g4 Kd7 33. Bd3 Ke7
34. h3 f6 35. Bc4 h6 36. f5 g5 37. exf6+ Kxf6 38. Bd3 Bc5 39. a5 Ba7 40. Bc2
Bc5 41. Ba4 Ba7 42. Bxc6 Bc5 43. Bb5 Ba7 44. Kd5 Ke7 45. Kc6 1-0